| 000 | 00661nam a22002057a 4500 | ||
|---|---|---|---|
| 999 |
_c16052 _d16052 |
||
| 003 | AR-CdUCM | ||
| 008 | 190430b ||||| |||| 00| 0 spa d | ||
| 040 |
_aMUNICIPALIDAD PROVINCIAL DEL CUSCO _cBIBLIOTECA MUNICIPAL DEL CUSCO |
||
| 082 |
_a305.3 / _bV75 |
||
| 100 |
_aVilar, Esther _935334 |
||
| 245 | _aEl varón domado / | ||
| 260 |
_aBarcelona : _bEds. Grijalbo, _c1973. |
||
| 300 |
_a168 páginas ; _c20 cm. |
||
| 505 | _aContenido: De la felicidad de los esclavos -- EL horizonte femenini -- El bello sexo... | ||
| 650 |
_aHombres _9982 |
||
| 650 |
_aPsicología _91538 |
||
| 650 |
_aMujeres _93760 |
||
| 942 |
_2ddc _cLIBROS |
||
| 945 |
_adavv _d30/04/2019 |
||